Loading...
| Literature - European | 0 | 8 | 0 | 2 | 80 | 77 | 97.13 | 0 | 1 | 0.00 | 0.00 |
| Literature - American | 0 | 6 | 0 | 0 | 60 | 37 | 59.67 | 2 | 4 | 0.00 | 0.00 |
| Literature - British | 0 | 4 | 1 | 0 | 35 | 28 | 75.50 | 1 | 3 | 0.00 | 0.00 |
| Fine Arts - Other | 0 | 3 | 0 | 1 | 30 | 51 | 75.00 | 0 | 1 | 0.00 | 0.00 |
| History - Other | 0 | 2 | 0 | 1 | 20 | 56 | 83.50 | 0 | 0 | 0.00 | 0.00 |
| Science - Other | 0 | 2 | 0 | 0 | 20 | 58 | 64.50 | 0 | 0 | 0.00 | 0.00 |
| Literature - World | 0 | 2 | 1 | 1 | 15 | 65 | 86.00 | 0 | 0 | 0.00 | 0.00 |
| Painting/Sculpture | 0 | 2 | 1 | 0 | 15 | 75 | 90.00 | 0 | 1 | 0.00 | 0.00 |
| Social Science | 0 | 1 | 0 | 0 | 10 | 42 | 42.00 | 0 | 1 | 0.00 | 0.00 |
| History - European | 0 | 1 | 0 | 0 | 10 | 70 | 70.00 | 0 | 0 | 0.00 | 0.00 |
| Mythology | 0 | 1 | 0 | 0 | 10 | 74 | 74.00 | 0 | 0 | 0.00 | 0.00 |
| Pop Culture | 0 | 1 | 0 | 0 | 10 | 61 | 61.00 | 0 | 1 | 0.00 | 0.00 |
| Science - Chemistry | 0 | 1 | 0 | 0 | 10 | 61 | 61.00 | 0 | 0 | 0.00 | 0.00 |
| Fine Arts - Classical Music | 0 | 1 | 0 | 0 | 10 | 75 | 75.00 | 0 | 0 | 0.00 | 0.00 |
| Geography | 0 | 1 | 1 | 1 | 5 | 100 | 100.00 | 0 | 0 | 0.00 | 0.00 |
| Religion | 0 | 0 | 1 | 0 | -5 | 0.00 | 0 | 0 | 0.00 | 0.00 |